| 000 | 01025nam a22003610a 4500 | ||
|---|---|---|---|
| 001 | PT44380 | ||
| 003 | AR-LpoUNG | ||
| 005 | 20260130013955.0 | ||
| 008 | 201001s2012||||ag |||||||||||||||||spa d | ||
| 020 |
_a9789876301299 _c$18 |
||
| 040 |
_aAR-LpoUNG _bspa _eaacr |
||
| 041 | _aspa | ||
| 044 | _aag | ||
| 082 | 0 | _a401.4 264mus | |
| 100 | 1 |
_aCarbone, Rocco _ecomp. |
|
| 245 | 1 | 0 | _aMuseo de las lenguas de la eterna |
| 250 | _a1ra. ed. | ||
| 260 |
_aBuenos Aires : _bUniversidad Nacional de General Sarmiento - Biblioteca Nacional - Museo del Libro y de la Lengua, _c2012. |
||
| 300 |
_a141 p. : _btbls., gráfs. |
||
| 490 | 0 |
_aCuadernos de Lengua ; _vno. 1 |
|
| 650 | 4 | _aARGENTINA | |
| 650 | 4 | _aCINE | |
| 650 | 4 | _aENRIQUECIMIENTO DEL LENGUAJE | |
| 650 | 4 | _aESCRITURA | |
| 650 | 4 | _aLENGUA ESPAÑOLA | |
| 650 | 4 | _aLENGUAJE | |
| 650 | 4 | _aLENGUAS INDOAMERICANAS | |
| 650 | 4 | _aMUSEOS | |
| 650 | 4 | _aTIPOLOGIA DEL LENGUAJE | |
| 700 | 1 |
_aRinesi, Eduardo _epról. _95 |
|
| 905 | _a44380 | ||
| 942 |
_cLIB _2ddc |
||
| 999 |
_c50963 _d50963 |
||